Government Expenditure Financing in an Endogenous Growth Model <A> Comparison

Gespeichert in:
Bibliographische Detailangaben
1. Verfasser: Palivos, Theodore
Weitere Verfasser: Yip, Chong K.
Format: Buch
Sprache:Englisch
Veröffentlicht: Atlanta Federal Reserve Bank 1994
Ausgabe:1. ed.
Schriftenreihe:Working Paper 94-1
Schlagworte:
Tags: Tag hinzufügen
Keine Tags, Fügen Sie das erste Tag hinzu!

MARC

LEADER 00000nam a2200000 4500
001 c005406
005 20221221080148.3
041 0 |a eng 
044 |a US 
245 1 0 |a Government Expenditure Financing in an Endogenous Growth Model  |b <A> Comparison  |c Theodore Palivos, Chong K. Yip 
250 |a 1. ed. 
264 1 |a Atlanta  |b Federal Reserve Bank  |c 1994 
300 |a 23 s. 
490 1 |a Working Paper  |v 94-1 
830 0 |a Working Paper  |v 94-1 
610 2 0 |a banky emisné 
610 2 0 |a výdavky 
610 2 0 |a financie 
610 2 0 |a modely rastu 
610 2 0 |a dane z príjmov 
610 2 0 |a USA 
100 1 |a Palivos, Theodore 
700 1 |a Yip, Chong K.